The McGraw -Hill Reader Issues Across the Disciplines

Tallennettuna:
Bibliografiset tiedot
Päätekijä: Muller, Gilbert H.
Aineistotyyppi: Kirja
Kieli:English
Julkaistu: McGraw - HillCompanies, Inc 2008
Aiheet:
Tagit: Lisää tagi
Ei tageja, Lisää ensimmäinen tagi!
Thư viện lưu trữ: Mạng thư viện Đại học Đà Nẵng
LEADER 01094cam a22003251a 4500
001 000033525
003 9700
005 20151020000000.0
008 151016s2008 000 eng
020 |a 9780073533131 
041 |a eng 
082 |a 420.8  |b MU-G 
100 |a Muller, Gilbert H. 
245 |a The McGraw -Hill Reader Issues Across the Disciplines  |c Gilbert H.Muller 
260 |a McGraw - HillCompanies, Inc  |c 2008 
300 |a 913p. : ill ; 25cm 
650 |a Gilbert H.Muller, McGraw -Hill, Reader, Reading, 2008 
852 |b Chuyên đề  |c Tiếng Anh tham khảo 1 
OWN |a LNN 
AVA |a UDN50  |b LNN  |d 420.8 MU-G  |e available  |t Error 5001 Not defined in file expand_doc_bib_avail.  |f 1  |g 0  |h N  |i 0  |k 1 
999 |a From the UDN01 
AVA |a UDN50  |b LNN  |d 420.8 MU-G  |e available  |t Error 5001 Not defined in file expand_doc_bib_avail.  |f 1  |g 0  |h N  |i 0  |k 1 
TYP |a Monograph 
980 |a Mạng thư viện Đại học Đà Nẵng